[Event "27th CRO-chT 1B-Men 2018"]
[Site "Biograd"]
[Date "2018.09.21"]
[Round "7.30"]
[White "Matanovic, Luka"]
[Black "Matijevic, Hrvoje"]
[Result "1/2-1/2"]
[WhiteElo "2252"]
[BlackElo "2228"]
[Annotator "ChessBase"]
[PlyCount "62"]
[EventDate "2018.09.15"]
[EventType "team-tourn"]
[EventCountry "CRO"]
[SourceTitle "playchess.com"]
[Source "ChessBase"]
[SourceQuality "1"]
[TimeControl "40/5400+30:1800+30"]

1. e4 {[%emt 0:00:30]} d6 {[%emt 0:06:30]} 2. d4 {[%emt 0:00:30]} Nf6 {[%emt 0:00:00]} 3. Nc3 {[%emt 0:00:00]} e5 {[%emt 0:00:00]} 4. Nf3 {[%emt 0:01:00]} Nbd7 {[%emt 0:01:30]} 5. Bc4 {[%emt 0:00:30]} Be7 {[%emt 0:00:30]} 6. O-O {[%emt 0:00:30]} O-O {[%emt 0:00:30]} 7. Re1 {[%emt 0:00:30]} c6 {[%emt 0:01:30]} 8. a4 {[%emt 0:01:30]} a5 {[%emt 0:00:30]} 9. Ba2 {[%emt 0:04:30]} exd4 {[%emt 0:20:30]} 10. Nxd4 {[%emt 0:00:30]} Nc5 {[%emt 0:08:30]} 11. Qf3 {[%emt 0:03:30]} Nfd7 {[%emt 0:08:30]} 12. Qg3 {[%emt 0:13:30]} Nb6 {[%emt 0:12:30]} 13. Bh6 {[%emt 0:21:30]} Bf6 {[%emt 0:04:30]} 14. Rad1 {[%emt 0:05:30]} Kh8 {[%emt 0:01:30]} 15. Bf4 {[%emt 0:04:30]} Bh4 {[%emt 0:12:59]} 16. Qe3 {[%emt 0:05:30]} Nbxa4 {[%emt 0:06:00]} 17. Nxa4 {[%emt 0:06:30]} Nxa4 {[%emt 0:00:01]} 18. Qa3 {[%emt 0:08:30]} Nc5 {[%emt 0:03:15]} 19. e5 {[%emt 0:03:46]} Bg4 {[%emt 0:02:15]} 20. Nf3 {[%emt 0:01:58]} Bxf3 {[%emt 0:00:56]} 21. Rxd6 {[%emt 0:02:06]} Qb6 {[%emt 0:00:21]} 22. Be3 {[%emt 0:00:26]} Qb4 {[%emt 0:00:23]} 23. Qxb4 {[%emt 0:02:36]} axb4 {[%emt 0:00:03]} 24. Bxc5 {[%emt 0:02:04]} Rxa2 {[%emt 0:00:13]} 25. Rd4 {[%emt 0:02:51]} Re8 {[%emt 0:06:40]} 26. gxf3 {[%emt 0:00:38]} Bd8 {[%emt 0:00:25]} 27. e6 {[%emt 0:02:03]} Bf6 {[%emt 0:01:14]} 28. Rxb4 {[%emt 0:01:01]} Rxe6 {[%emt 0:00:48]} 29. Rxe6 {[%emt 0:04:20]} fxe6 {[%emt 0:00:02]} 30. Rxb7 {[%emt 0:00:47]} Rxb2 {[%emt 0:00:07]} 31. Rxb2 {[%emt 0:00:45]} Bxb2 {[%emt 0:00:06]} 1/2-1/2

[Event "27th CRO-chT 1B-Men 2018"]
[Site "Biograd"]
[Date "2018.09.24"]
[Round "8.1"]
[White "Sedlak, Nikola"]
[Black "Ruck, Robert"]
[Result "1/2-1/2"]
[WhiteElo "2587"]
[BlackElo "2505"]
[Annotator "TA"]
[PlyCount "103"]
[EventDate "2018.09.15"]
[EventType "team-tourn"]
[EventCountry "CRO"]
[SourceTitle "playchess.com"]
[Source "ChessBase"]
[SourceQuality "1"]

{[%evp 18,103,8,0,0,-9,-13,-31,-3,-19,-7,-24,-22,-26,-25,-27,-39,-16,-10,-15,0,-8,-13,-18,15,16,23,20,40,12,21,14,14,14,21,0,0,0,0,0,-3,-12,-8,0,0,0,0,0,0,0,0,0,0,0,0,0,0,-3,-2,-10,0,0,14,8,13,0,0,0,0,0,0,0,0,0,0,0,0,0,0,0,0,0,0,0,0,0,0,0]} 1. d4 Nf6 2. Nf3 g6 3. Bg5 Bg7 4. Nbd2 O-O 5. c3 d5 6. e3 Nbd7 7. Be2 c5 8. h3 b6 9. O-O Bb7 10. b4 {LiveBook: 6 Games} c4 {D03: 1 d4 d5 2 Nf3 Nf6 3 Bg5, including Torre Attack with early ...d5} 11. b5 Ne8 $146 ({Predecessor:} 11... a5 12. a4 Ne8 13. Nh2 f6 14. Bh4 Nd6 15. g4 f5 16. f4 Nf6 {½-½ (32) Petraitis,Z (2390)-Grimm,K (2380) ICCF corr 2002}) 12. a4 Nd6 {Black is slightly better.} 13. Bf4 Nf6 14. Qc2 a6 15. bxa6 Rxa6 16. Rfb1 Qc7 17. Qb2 Rfa8 (17... Bc6 {is more complex.} 18. Bd1 Rfa8 19. Ne5 Bxa4 20. Bxa4 Rxa4 21. Rxa4 Rxa4 22. Ng4 Nd7) 18. a5 {[%cal Ra5b6]} Rxa5 19. Rxa5 Rxa5 20. Bxd6 $1 Qxd6 {[#]} 21. Bxc4 $1 {[%mdl 512]} Nd7 ({Don't play} 21... dxc4 22. Nxc4 Qe6 23. Nxa5 $16) 22. Bf1 Bc6 23. Ne1 {[%cal Bf3e1,Be1c2,Bc2b4,Bb4d3,Bd3e5][%mdl 32]} e6 {The position is equal.} 24. Nc2 Bf8 25. Nb4 Bb7 26. Nb3 Ra8 27. Bb5 Nf6 28. Nd2 Qc7 29. Nd3 Ra3 30. Rc1 Ra8 31. Qb1 Qd8 32. Ne5 Ba3 33. Rd1 Bd6 34. c4 Qc7 35. Qb2 Ba3 36. Qc3 Bd6 37. Nd3 dxc4 38. Nxc4 Ne4 39. Qb2 $1 Bd5 40. Nxd6 Nxd6 41. Nf4 Ra2 42. Qb1 Nxb5 43. Nxd5 Qc4 44. Nxb6 Qe2 45. Rf1 {Qb4 is the strong threat.} Nc3 46. Qe1 $1 {[%cal Re1c3]} Qd3 {[#] Hoping for ...Rb2.} 47. Nd7 Re2 48. Qc1 {White threatens Qa3 and mate.} Rc2 49. Qa1 Ra2 50. Qe1 Re2 51. Qa1 {Threatening mate with Qa8+.} Ra2 52. Qe1 {Precision: White = 60%, Black = 68%.} 1/2-1/2

[Event "27th CRO-chT 1B-Men 2018"]
[Site "Biograd"]
[Date "2018.09.24"]
[Round "8.2"]
[White "Horvath, Adam"]
[Black "Nemeth, Miklos"]
[Result "1/2-1/2"]
[WhiteElo "2482"]
[BlackElo "2477"]
[Annotator "TA"]
[PlyCount "46"]
[EventDate "2018.09.15"]
[EventType "team-tourn"]
[EventCountry "CRO"]
[SourceTitle "playchess.com"]
[Source "ChessBase"]
[SourceQuality "1"]

{[%evp 25,46,0,7,0,0,0,0,0,2,5,10,0,0,0,14,18,10,0,0,0,7,0,0]} 1. e4 e5 2. Nf3 Nc6 3. Nc3 Nf6 4. Bb5 Bb4 5. O-O O-O 6. d3 d6 7. Ne2 Ne7 8. c3 Ba5 9. Ng3 c6 10. Ba4 {[%cal Bb5a4,Ba4c2,Bc2e4][%mdl 32]} Ng6 11. d4 Re8 12. Bc2 {C49: Four Knights: 4 Bb5 Bb4} Bb6 13. Be3 d5 {LiveBook: 3 Games. The position is equal.} 14. dxe5 Nxe4 15. Nxe4 dxe4 16. Bxe4 Nxe5 17. Nxe5 Rxe5 18. Bxb6 Qxb6 19. Re1 {[#] Strongly threatening Bxh7+!} Bf5 20. Bxf5 $1 Rxf5 {[#]} 21. Qe2 $146 {White threatens Qe8+! and mate.} g6 22. Rad1 Rd8 23. Rxd8+ Qxd8 1/2-1/2

[Event "27th CRO-chT 1B-Men 2018"]
[Site "Biograd"]
[Date "2018.09.24"]
[Round "8.3"]
[White "Krstic, Uros"]
[Black "Dabo-Peranic, Robert"]
[Result "1/2-1/2"]
[WhiteElo "2364"]
[BlackElo "2284"]
[Annotator "TA"]
[PlyCount "40"]
[EventDate "2018.09.15"]
[EventType "team-tourn"]
[EventCountry "CRO"]
[SourceTitle "playchess.com"]
[Source "ChessBase"]
[SourceQuality "1"]

{[%evp 9,40,7,7,-17,0,-9,10,2,304,312,303,121,271,16,79,40,40,12,89,29,51,14,60,12,85,6,0,0,3,3,3,8,22]} 1. d4 d5 2. Bf4 c5 3. e3 Nc6 4. c3 Bf5 5. Qb3 Qd7 6. Nd2 {D00: 1 d4 d5: Unusual lines} e6 7. Ngf3 f6 8. h4 $146 ({Predecessor:} 8. h3 Rc8 9. Bh2 Bg6 10. Be2 Nh6 11. O-O Be7 12. c4 Na5 13. Qc3 Nxc4 14. Nxc4 dxc4 15. Rfd1 {½-½ (15) Prohaszka,P (2596)-Riazantsev,A (2659) Minsk 2017}) 8... Bd6 $2 {[%mdl 8192] [#]} (8... h5 $11 {and Black has nothing to worry.}) 9. Bxd6 $18 Qxd6 10. dxc5 $2 (10. g4 $18 {and White stays clearly on top.} Nge7 11. dxc5 (11. Qxb7 Rb8 $11) 11... Qxc5 12. gxf5) 10... Qxc5 (10... Qc7 $16 {keeps fighting.}) 11. Nd4 $2 (11. g4 $18 Nge7 12. gxf5) 11... Nge7 (11... Nxd4 $11 12. cxd4 (12. exd4 Qc7 $11) 12... Qc7) 12. Be2 {aiming for g4.} Nxd4 13. cxd4 (13. exd4 {keeps more tension.} Qc7 14. g4 Bg6 15. h5 Bf7 16. Bb5+) 13... Qd6 (13... Qc7 $11) 14. Rc1 ({Don't play} 14. Qxb7 Rb8 $11) ({White should play} 14. g4 $16) 14... O-O 15. O-O ({Much worse is} 15. Qxb7 Rab8 $15) 15... Rfc8 16. Rc3 Rc6 (16... Rxc3 $11 {keeps the balance.} 17. bxc3 b6) 17. a3 (17. Qxb7 $16 Rb8 18. Rxc6 Nxc6 19. Qa6) 17... Rb6 $11 {The position is equal.} 18. Qa2 Rc8 19. Rfc1 Rbc6 20. Qb3 b6 {Precision: White = 26%, Black = 17%.} 1/2-1/2

[Event "27th CRO-chT 1B-Men 2018"]
[Site "Biograd"]
[Date "2018.09.22"]
[Round "8.4"]
[White "Martic, Zlatko"]
[Black "Vernacki, Srdjan"]
[Result "1/2-1/2"]
[WhiteElo "2244"]
[BlackElo "2357"]
[Annotator "TA"]
[PlyCount "63"]
[EventDate "2018.09.15"]
[EventType "team-tourn"]
[EventCountry "CRO"]
[SourceTitle "playchess.com"]
[Source "ChessBase"]
[SourceQuality "1"]

{[%evp 9,63,-16,-9,-19,10,16,66,-39,-24,-16,-5,-18,-10,-31,0,-22,-22,-27,-22,-23,-36,-36,-35,-29,-27,-69,-1,-6,0,0,0,0,0,0,0,0,21,35,30,24,30,29,29,29,29,30,42,47,56,58,156,137,134,-8,-7,-8]} 1. d4 Nf6 2. Bg5 e6 {[#]} 3. e4 $1 {[%mdl 512]} c5 (3... Nxe4 4. Bxd8) (3... h6 4. Bxf6 Qxf6 5. c3 d6 6. Bd3 g6 7. Ne2 Bg7 8. O-O O-O 9. f4 Qe7 10. e5 b6 11. Nd2 Bb7 12. Be4 Bxe4 13. Nxe4 Rd8 14. Qe1 {0-1 (62) Moiseenko,A (2667)-Wang,Y (2690) Riadh 2017}) 4. c3 cxd4 5. Bxf6 Qxf6 6. cxd4 {A45: Trompowsky Attack} e5 7. Nf3 $146 ({Predecessor:} 7. d5 Bc5 8. Qc2 Qe7 9. Bd3 O-O 10. Nf3 d6 11. O-O {0-1 (28) Hackstein,U-De Gleria,F (2433) Germany 1999}) 7... Nc6 {[%cal Re5d4]} 8. Bb5 (8. d5 $14) 8... exd4 9. O-O Bc5 {[%cal Bf8c5,Bc5b6,Bb6c7][%mdl 32]} 10. Nbd2 O-O 11. Rc1 Bb6 12. Nc4 Bc7 13. Re1 a6 14. Bxc6 dxc6 15. Qxd4 Qxd4 16. Nxd4 Rd8 17. Nb3 b6 ({Better is} 17... Be6 $15) 18. Ne3 $11 Bb7 {[#]} 19. Nd5 $1 {[%mdl 512]} Bxh2+ (19... cxd5 20. Rxc7) 20. Kxh2 cxd5 21. Rc7 Rab8 $1 22. e5 Rdc8 23. Rec1 Rxc7 24. Rxc7 $14 {[%mdl 4096] Endgame KRB-KRN} Bc8 25. Nd4 {And now Nc6 would win.} Kf8 26. f4 {aiming for f5.} g6 27. Kg3 Ke8 28. Kh4 Bd7 29. Kg5 h5 (29... Rc8 $14 30. Rxc8+ Bxc8) 30. Kf6 $16 Rc8 {[#]} 31. Rxc8+ ({White should play} 31. Ra7 $1 $16) 31... Bxc8 $11 32. b4 {Precision: White = 65%, Black = 49%.} 1/2-1/2

[Event "27th CRO-chT 1B-Men 2018"]
[Site "Biograd"]
[Date "2018.09.22"]
[Round "8.5"]
[White "Trbojevic, Mladen"]
[Black "Rubil, Marko"]
[Result "1-0"]
[WhiteElo "2353"]
[BlackElo "2201"]
[Annotator "TA"]
[PlyCount "131"]
[EventDate "2018.09.15"]
[EventType "team-tourn"]
[EventCountry "CRO"]
[SourceTitle "playchess.com"]
[Source "ChessBase"]
[SourceQuality "1"]

{[%evp 20,131,0,0,0,0,37,33,40,23,84,20,20,13,17,20,48,29,34,14,23,0,30,21,81,74,77,76,79,76,76,74,89,74,66,74,73,73,73,73,79,74,89,75,86,62,124,130,122,84,219,124,124,124,117,120,120,103,119,122,124,125,155,147,147,145,195,138,182,187,247,235,439,427,429,423,397,409,328,120,124,0,0,0,0,0,666,645,754,747,4926,4742,5293,837,981,611,606,604,635,627,573,482,12843,12806,6043,5126,29971,29972,29972,29973,29973,29974,29998,29999]} 1. e4 e5 2. Nf3 Nc6 3. Bb5 a6 4. Ba4 Nf6 5. O-O Be7 6. d3 d6 7. c4 O-O {C84: Closed Ruy Lopez: Unusual White 6th moves} 8. Nc3 (8. h3 Nd7 9. Be3 Bf6 10. c5 Ne7 11. cxd6 cxd6 12. Nc3 b5 13. Bb3 Bb7 14. a3 Nc5 15. Ba2 {½-½ (24) Van Foreest,J (2629)-Amin,B (2693) Wijk aan Zee 2018}) 8... Bg4 9. h3 Bxf3 10. Qxf3 Nd4 11. Qd1 {LiveBook: 3 Games} c6 12. Ne2 Nd7 $146 ({Predecessor:} 12... Nxe2+ 13. Qxe2 Nd7 14. Be3 Bg5 15. Bc2 Bxe3 16. fxe3 {½-½ (73) Das,S (2442)-Chigaev,M (2555) Stockholm 2018}) 13. Nxd4 exd4 14. Bd2 g6 (14... b5 $11 15. cxb5 axb5) 15. Bh6 ({Better is} 15. b4 $16) 15... Re8 $11 16. Qd2 Nc5 17. Bd1 Bf8 18. Bg5 $36 {[%mdl 2048] White is more active.} Be7 19. Bf4 {[%cal Bg5f4,Bf4g3,Bg3f2][%mdl 32]} a5 20. Bg3 Bf8 21. f4 f5 (21... Bh6 $11 {remains equal.}) 22. exf5 $16 gxf5 23. Bf2 Bg7 24. Bh5 Re6 25. Rae1 Qf6 26. Rxe6 (26. b3 {feels hotter.} Qh6 27. Bf3 Rg6 28. Kh2 Be5 29. g3) 26... Nxe6 27. g3 {[%cal Bg2g3,Bg3g4,Bg4g5][%mdl 32]} Qh6 28. Qe2 Nc5 29. Rd1 Qe6 30. Qf3 Bf6 31. Re1 Qd7 32. g4 Kh8 (32... fxg4 $14 33. hxg4 Rf8) 33. g5 Bg7 34. Qe2 a4 {[#]} (34... d5 $16) 35. Bf3 (35. Be8 $1 $18 {[%cal Re8d7]} Qc7 36. g6) 35... Kg8 36. h4 Kf8 37. Bh5 Rd8 38. Qf3 Qc7 39. Kg2 Qd7 40. Qe2 Bh8 41. Kg3 Bg7 42. Qc2 d5 43. Bf3 (43. cxd5 $18 Qxd5 44. a3 (44. Qe2 Kg8 $14)) 43... dxc4 44. Qxc4 b6 (44... Qd6 $142 45. Bh5 Qd5) 45. h5 $18 {[%cal Bh4h5,Bh5h6][%mdl 32]} Re8 $2 (45... Qf7 46. h6 (46. Bxc6 Qxc4 47. dxc4 d3 $16) 46... Bh8) 46. h6 Bh8 47. Rxe8+ Qxe8 48. Qb4 Qd8 49. Bxc6 $2 (49. Kg2 $18) 49... Be5 $16 {[#] Threatens to win with ...Qxg5+.} 50. fxe5 (50. Kf3 $16 Bxf4 51. Bxd4 (51. Kxf4 Qd6+ 52. Kf3 Qxc6+ 53. Ke2 Qe6+ 54. Kf1 Qd6 $16) 51... Bxg5 52. Bxc5+ bxc5 53. Qxc5+ Kf7 54. Qxf5+ Qf6 55. Ke4) 50... Qxg5+ $11 51. Kh2 Qxh6+ 52. Kg1 Qg6+ $2 {[%mdl 8192]} (52... Qxc6 $11 53. Qxd4 Qf3) 53. Bg2 $18 f4 {And now ...f3 would win.} 54. Qxd4 Nxd3 55. Qd8+ Kg7 56. Qc7+ (56. Bd4 $142 Qe6 57. Kh2) 56... Kh6 57. Qxb6 Nxe5 58. Qxg6+ hxg6 59. Bd4 Nd3 60. Bf1 Ne1 (60... Nb4 $142 61. Kf2 Nxa2) 61. Kf2 Nc2 62. Bc5 g5 63. Bd3 {White mates.} Na1 64. Kf3 Kh5 65. Bf5 Kh4 66. Bg4 {Precision: White = 65%, Black = 29%.} 1-0

[Event "27th CRO-chT 1B-Men 2018"]
[Site "Biograd"]
[Date "2018.09.24"]
[Round "8.6"]
[White "Matanovic, Luka"]
[Black "Tomasic, Roland"]
[Result "1-0"]
[WhiteElo "2252"]
[BlackElo "2166"]
[Annotator "TA"]
[PlyCount "75"]
[EventDate "2018.09.15"]
[EventType "team-tourn"]
[EventCountry "CRO"]
[SourceTitle "playchess.com"]
[Source "ChessBase"]
[SourceQuality "1"]

{[%evp 10,75,22,30,33,31,89,56,86,78,83,87,77,0,2,-8,80,80,102,116,166,102,168,152,214,206,241,241,230,227,298,247,245,177,247,256,351,375,362,343,353,344,334,328,328,307,314,319,319,348,430,218,227,220,29987,29988,29988,1008,982,937,29990,29991,29991,29992,29992,2352,29997,29998]} 1. e4 c5 2. Nf3 d6 3. Bb5+ Nd7 4. O-O a6 5. Bd3 g6 (5... Ngf6 6. c3 b5 7. Bc2 Bb7 8. Re1 c4 9. a4 e6 10. axb5 axb5 11. Rxa8 Qxa8 12. Na3 Bxe4 13. Bxe4 Nxe4 {½-½ (58) Anand,V (2768)-So,W (2780) Saint Louis 2018}) 6. c3 {LiveBook: 43 Games. B51: Sicilian: Moscow Variation (3 Bb5+) without 3...Bd7} Qc7 7. Bc2 c4 (7... Bg7 $14) 8. b3 $146 {White is better.} ({Predecessor:} 8. d4 cxd3 9. Qxd3 Ngf6 10. Nbd2 Bg7 11. Re1 O-O 12. a4 b6 {0-1 (60) Gorusa,M (2172)-Biros,R (2150) Slovakia 2010}) 8... b5 {[%cal Bb7b5,Bb5b4][%mdl 32]} 9. a4 Rb8 10. Na3 Bg7 11. bxc4 ({White should try} 11. axb5 $16 axb5 12. Qe2) 11... b4 $11 12. Nb1 Qxc4 (12... Qb7 $11 13. Bb3 bxc3) 13. d4 $16 bxc3 14. Ra3 Qb4 {[#]} 15. Nxc3 (15. a5 $1 $18) 15... e6 (15... Qa5 $16 {might work better.}) 16. Qd3 $18 Ne7 (16... Qb6 $16 17. Rb3 Qc7 18. Rxb8 Nxb8) 17. a5 Nc6 {[%cal Rc6d4]} 18. Ra4 Qb7 19. Ba3 Bf8 20. d5 Nce5 21. Qe3 Nxf3+ (21... Be7 {was necessary.} 22. Nxe5 Nxe5) 22. Qxf3 e5 23. Rc4 Be7 24. Na4 O-O 25. Qc3 Qa8 26. Bd3 Bb7 27. Nb6 Nxb6 28. axb6 Rbc8 29. Rc7 f5 30. Rc1 (30. exf5 $142 gxf5 31. Re1) 30... fxe4 31. Bxe4 Rfd8 $2 (31... Rxc7 $18 32. bxc7 (32. Qxc7 Rf7 $16) 32... a5) 32. Qh3 Rxc7 33. bxc7 (33. Qe6+ $142 Kg7 34. Rxc7 Re8 35. Qxd6 a5 36. Qxe5+ Kg8 37. Bb2 Bf6 38. Qxf6 Re7 39. Rxe7 Bxd5 40. Qh8#) 33... Re8 34. Qe6+ Kf8 35. Rc3 Qc8 36. Rf3+ Kg7 37. Rf7+ (37. Qf7+ $142 Kh8 38. Rh3 Qxh3 39. Qxe8+ Kg7 40. Qxe7+ Kg8 41. gxh3 Bc8 42. Bxd6 h5 43. Bxg6 Bxh3 44. Qh7#) 37... Kh8 {[#]} 38. Rxh7+ $1 {[%mdl 512] Precision: White = 77%, Black = 26%.} 1-0

[Event "27th CRO-chT 1B-Men 2018"]
[Site "Biograd"]
[Date "2018.09.24"]
[Round "8.7"]
[White "Livaic, Leon"]
[Black "Srbis, Jurica"]
[Result "1/2-1/2"]
[WhiteElo "2483"]
[BlackElo "2428"]
[Annotator "TA"]
[PlyCount "73"]
[EventDate "2018.09.15"]
[EventType "team-tourn"]
[EventCountry "CRO"]
[SourceTitle "playchess.com"]
[Source "ChessBase"]
[SourceQuality "1"]

{[%evp 18,73,64,55,87,89,108,64,63,29,78,57,72,59,175,168,185,112,92,87,108,114,155,112,115,104,119,57,49,58,50,60,63,94,402,281,269,259,249,258,228,62,128,114,143,55,74,0,0,0,0,0,0,0,0,0,0,0]} 1. d4 Nf6 2. c4 g6 3. Nc3 Bg7 4. e4 d6 5. h3 O-O 6. Be3 e5 7. d5 a5 8. g4 {E71: King's Indian: 4 e4 d6 5 h3} Na6 9. Nge2 Nc5 (9... c6 10. Ng3 Nc5 11. g5 Nfd7 12. h4 cxd5 13. Nxd5 Nb6 14. Nc3 Be6 15. b3 a4 {1-0 (36) Ding,L (2777)-Amonatov,F (2636) Riadh 2017}) 10. Ng3 {LiveBook: 6 Games. White is slightly better.} Bd7 11. Qd2 c6 12. f3 $146 ({Predecessor:} 12. g5 Nh5 13. Nxh5 gxh5 14. Be2 cxd5 15. cxd5 h4 {1-0 (39) Gerusel,M (2345)-Koscielski,J (2315) Germany 1992}) 12... cxd5 13. cxd5 a4 14. h4 Qa5 15. h5 Bxg4 (15... b5 $14) 16. fxg4 $18 Nxg4 17. Nd1 (17. Bg5 $1 $18) 17... Nxe3 $16 18. Nxe3 Qd8 19. Ng4 Rc8 20. Kd1 Qb6 {Hoping for ...Nb3!} 21. h6 (21. hxg6 $6 fxg6 22. Ne3 (22. Qh2 $2 h5 $19) 22... h5 $11) 21... Nb3 22. Qd3 ({Don't do} 22. axb3 $6 Qxb3+ 23. Ke1 (23. Ke2 $2 Rc2 $19) 23... Qxg3+ 24. Nf2 Bf6 $14) ({Better is} 22. Qe3 $16 Qxe3 23. Nxe3 Bxh6 24. axb3 Bxe3 25. bxa4) 22... Nxa1 $14 23. hxg7 {Strongly threatening Nf5.} Qxb2 {[%csl Gb2][%cal Rc8c1]} ({Don't go for} 23... Kxg7 $2 24. Qd2 $18) 24. gxf8=Q+ Kxf8 {[%csl Gb2][%cal Rc8c1]} 25. Ne2 Nc2 $2 {[%mdl 8192]} (25... h5 $16) 26. Qd2 h5 27. Nc1 a3 28. Bd3 Nb4 29. Ne3 $2 (29. Ke2 $1 $18) 29... Rxc1+ (29... Nxd3 $14 30. Nxd3 Qb1+ 31. Nc1 Qxe4) 30. Qxc1 $16 {aiming for Qc8+.} Qd4 {[#]} 31. Qc4 ({Don't play} 31. Qc8+ $6 Kg7 $14) ({White should try} 31. Ke2 $1 $16 Qxd3+ 32. Kf3 Nxa2 33. Qc4) 31... Qxe3 $14 {[#]} 32. Qxb4 (32. Be2 $1 $16 Na6 33. Re1) 32... Qxd3+ $11 {The position is equal.} 33. Kc1 Qe3+ 34. Kb1 Qd3+ 35. Kc1 Qe3+ 36. Kb1 Qd3+ 37. Kc1 {Precision: White = 69%, Black = 56%.} 1/2-1/2

[Event "27th CRO-chT 1B-Men 2018"]
[Site "Biograd"]
[Date "2018.09.24"]
[Round "8.8"]
[White "Ostovic, Matija"]
[Black "Plat, Vojtech"]
[Result "1/2-1/2"]
[WhiteElo "2390"]
[BlackElo "2540"]
[Annotator "TA"]
[PlyCount "98"]
[EventDate "2018.09.15"]
[EventType "team-tourn"]
[EventCountry "CRO"]
[SourceTitle "playchess.com"]
[Source "ChessBase"]
[SourceQuality "1"]

{[%evp 18,98,21,21,26,24,33,24,27,12,16,10,18,8,21,12,60,20,14,12,19,22,15,4,21,34,35,0,6,6,6,7,5,8,9,5,15,8,9,0,2,0,0,0,0,0,0,0,0,0,0,0,0,0,0,0,0,0,0,0,0,0,0,0,0,-8,0,0,0,0,0,0,0,0,0,0,0,0,4,6,25,0,0]} 1. d4 d6 2. e4 Nf6 3. Nc3 e5 4. Nf3 exd4 5. Nxd4 Be7 6. Bc4 O-O 7. O-O Nc6 8. h3 Ne5 9. Be2 c5 10. Nf3 Ng6 {C50: Hungarian Defence and Giuoco Pianissimo} 11. Re1 (11. Bc4 Bd7 12. Qd3 Bc6 13. Rd1 Qb6 14. Nd5 Nxd5 15. Bxd5 Rad8 16. Rb1 Bf6 17. Be3 Qc7 18. c4 {1-0 (70) Zhao,C (2251)-Li,D (2485) Sanya City 2017}) 11... h6 $146 ({Predecessor:} 11... a6 12. a4 b6 13. b3 Bb7 14. Bd3 Qc7 15. Bb2 Rad8 16. Nd5 Nxd5 17. exd5 {1-0 (46) Novosel,M (1746)-Salamon,V (1742) Trogir 2016}) 12. Bc4 Be6 {White has an edge.} 13. Qe2 Qc8 14. Bxe6 Qxe6 15. e5 dxe5 16. Nxe5 Nh4 17. Qc4 (17. Qf1 {keeps more tension.} Qc8 18. Qc4 Nf5 19. Bf4 a6 20. a4) 17... Qxc4 18. Nxc4 Rfe8 19. Bf4 Nf5 20. Nb5 {[#] Black must now prevent Nc7.} Bf8 21. Be5 {Threatens to win with Nc7.} Nd5 22. Nbd6 Nxd6 23. Bxd6 Red8 24. Bxf8 Kxf8 25. Rad1 Nb4 26. Ne3 g6 27. Kf1 b5 28. a3 Nc6 29. c3 Ne5 30. b3 Nc6 (30... Nd3 $5 31. Re2 $8 Nf4 $11) 31. b4 cxb4 32. cxb4 Ne5 33. Ke2 a6 34. Rxd8+ Rxd8 $11 {[%mdl 4096] Endgame KRN-KRN} 35. Rc1 Rd6 36. Rc3 Ke7 37. Rc5 Ke6 38. g3 Nc6 39. f4 Nd4+ 40. Kf2 Nb3 41. Rc2 f5 42. g4 Nd2 43. gxf5+ gxf5 44. Ke2 Ne4 45. Kf3 h5 46. Ke2 h4 47. Ng2 Ng3+ 48. Ke3 Nf1+ 49. Ke2 Ng3+ {Precision: White = 61%, Black = 73%.} 1/2-1/2